书目信息 |
| 题名: |
人造的风景
|
|
| 作者: | 武庆新 编著 | |
| 分册: | ||
| 出版信息: | 北京 北京工业大学出版社 2014.11 |
|
| 页数: | 208页 | |
| 开本: | 26cm | |
| 丛书名: | ||
| 单 册: | ||
| 中图分类: | X-49 | |
| 科图分类: | ||
| 主题词: | 环境科学 , 安全科学 , 劳动保护 | |
| 电子资源: | ||
| ISBN: | 7-5639-4050-2 | |
| 000 | 00699nam0 2200229 450 | |
| 001 | 189 | |
| 005 | 20160906092843.14 | |
| 010 | @a7-5639-4050-2@dCNY25.00 | |
| 100 | @a20160721d2014 km y0chiy0120 ea | |
| 101 | 0 | @achi |
| 102 | @aCN@b110000 | |
| 200 | 1 | @a人造的风景@Aren zao de feng jing@e如何营造我们悦心的美丽@f武庆新编著@Fwu qing xin bian zhu |
| 210 | @a北京@c北京工业大学出版社@d2014.11 | |
| 215 | @a208页@d26cm | |
| 517 | 1 | @a如何营造我们悦心的美丽@Aru he ying zao wo men yue xin de mei li |
| 606 | 0 | @a环境科学 |
| 606 | 0 | @a安全科学 |
| 606 | 0 | @a劳动保护 |
| 690 | @aX-49@v4 | |
| 701 | 0 | @a武庆新@Awu qing xin@4编著 |
| 801 | 0 | @aCN@b唐山师范学院图书馆@c20160721 |
| 905 | @aZUCC@dX-49@e212 | |
| 人造的风景:如何营造我们悦心的美丽/武庆新编著.-北京:北京工业大学出版社,2014.11 |
| 208页;26cm |
| ISBN 7-5639-4050-2:CNY25.00 |
| ● |
| 相关链接 |
|
|
|
|
正题名:人造的风景
索取号:X-49/212
 
预约/预借
| 序号 | 登录号 | 条形码 | 馆藏地/架位号 | 状态 | 备注 |
| 1 | 900787 | 209007876 | 第二样本阅览室/ [索取号:X-49/212] | 在馆 | |
| 2 | 900788 | 209007885 | 第三借阅区/ [索取号:X-49/212] | 在馆 | |
| 3 | 900789 | 209007894 | 第三借阅区/ [索取号:X-49/212] | 在馆 | |
| 4 | 900790 | 209007901 | 第三借阅区/ [索取号:X-49/212] | 在馆 | |
| 5 | 900791 | 209007910 | 第三借阅区/ [索取号:X-49/212] | 在馆 |